Normal view
MARC view
Entry Topical Term
001 - CONTROL NUMBER
- control field: 6561
003 - CONTROL NUMBER IDENTIFIER
- control field: OSt
005 - DATE AND TIME OF LATEST TRANSACTION
- control field: 20190625092223.0
008 - FIXED-LENGTH DATA ELEMENTS
- fixed length control field: 190625|| aca||aabn | a|a d
040 ## - CATALOGING SOURCE
- Original cataloging agency: OSt
- Transcribing agency: OSt
150 ## - HEADING--TOPICAL TERM
- Topical term or geographic name entry element: Middle manager
670 ## - SOURCE DATA FOUND
- Source citation: Work cat.: (OSt)509857: Munjal, Sonia 6560, Associative impact of personality orientation and levels of stress on procrastination in middle-level managers, 2019
